[Event "IECG WC.2006.P.00010 email"]
[Site "IECG email"]
[Date "2003.01.22"]
[Round "?"]
[White "Perez, Maria Jose"]
[Black "Margstahler, Francesco"]
[Result "0-1"]
[WhiteElo "1855"]
[BlackElo "1530"]
[PlyCount "55"]
[EventDate "2003.01.22"]
[EventType "tourn (corr)"]
[EventRounds "10"]
[SourceTitle "Corr 2008"]
[Source "ChessBase"]
[SourceDate "2008.06.24"]
[SourceVersion "1"]
[SourceVersionDate "2008.06.24"]
[SourceQuality "1"]

1. d4 Nf6 2. c4 c5 3. d5 b5 4. cxb5 a6 5. bxa6 Bxa6 6. Nc3 d6 7. e4 Bxf1 8. Kxf1 g6 9. Nf3 Bg7 10. g3 0-0 11. Kg2 Nbd7 12. a4 Qa5 13. Re1 Rfb8 14. Bd2 Ng4 15. Nb5 Qb6 16. Bc3 Bxc3 17. bxc3 c4 18. Qd4 Nc5 19. Qxc4 Nd3 20. Re2 Qxf2+ 21. Rxf2 Ne3+ 22. Kg1 Nxc4 23. Rfa2 Nc5 24. Nfd4 Nxe4 25. a5 Ne5 26. a6 Rc8 27. a7 Nf6 28. Nc6 0-1

[Event "IECG CB.2002.0.00035 email"]
[Site "IECG email"]
[Date "2002.09.26"]
[Round "?"]
[White "Koloskov, Alexander"]
[Black "Perez, Maria Jose"]
[Result "1-0"]
[WhiteElo "1810"]
[BlackElo "1924"]
[PlyCount "67"]
[EventDate "2002.04.03"]
[EventType "tourn (corr)"]
[EventRounds "6"]
[SourceTitle "Corr 2008"]
[Source "ChessBase"]
[SourceDate "2008.06.24"]
[SourceVersion "1"]
[SourceVersionDate "2008.06.24"]
[SourceQuality "1"]

1. e4 d5 2. exd5 Nf6 3. c4 c6 4. Nc3 cxd5 5. cxd5 Nxd5 6. Nf3 Nc6 7. Bc4 e6 8. d4 Bb4 9. Qd3 0-0 10. 0-0 Nce7 11. Bd2 Bd6 12. Rac1 a6 13. Bb3 Nxc3 14. bxc3 b5 15. Ng5 Ng6 16. h4 h6 17. h5 hxg5 18. hxg6 Qf6 19. Rce1 Ra7 20. Qe4 Re7 21. gxf7+ Rexf7 22. Bxe6 Bxe6 23. Qxe6 Qh6 24. Qxh6 gxh6 25. a4 bxa4 26. Re6 Rf6 27. Rxf6 Rxf6 28. Ra1 a3 29. c4 Bf4 30. Be3 Kf7 31. Rxa3 Rc6 32. Ra4 Bxe3 33. fxe3 h5 34. c5 1-0

[Event "IECG CB.2002.0.00035 email"]
[Site "IECG email"]
[Date "2002.09.21"]
[Round "?"]
[White "Perez, Maria Jose"]
[Black "Sherwood, Russell"]
[Result "1/2-1/2"]
[WhiteElo "1924"]
[BlackElo "1856"]
[PlyCount "28"]
[EventDate "2002.04.03"]
[EventType "tourn (corr)"]
[EventRounds "6"]
[SourceTitle "Corr 2008"]
[Source "ChessBase"]
[SourceDate "2008.06.24"]
[SourceVersion "1"]
[SourceVersionDate "2008.06.24"]
[SourceQuality "1"]

1. d4 d5 2. c4 dxc4 3. e4 Nf6 4. e5 Nd5 5. Bxc4 Nb6 6. Bb3 Bf5 7. Nc3 Nc6 8. e6 Qd7 9. a3 0-0-0 10. Na4 Nd5 11. Nc5 h5 12. h4 Nb6 13. Qf3 Nxd4 14. Ne2 Bc2 1/2-1/2

[Event "IECG CB.2002.0.00035 email"]
[Site "IECG email"]
[Date "2002.09.02"]
[Round "?"]
[White "Perez, Maria Jose"]
[Black "Malmstroem, Jan"]
[Result "1/2-1/2"]
[WhiteElo "1924"]
[BlackElo "1934"]
[PlyCount "75"]
[EventDate "2002.04.03"]
[EventType "tourn (corr)"]
[EventRounds "6"]
[SourceTitle "Corr 2008"]
[Source "ChessBase"]
[SourceDate "2008.06.24"]
[SourceVersion "1"]
[SourceVersionDate "2008.06.24"]
[SourceQuality "1"]

1. d4 Nf6 2. c4 e6 3. Nf3 b6 4. g3 Bb7 5. Bg2 Be7 6. 0-0 0-0 7. Nc3 d6 8. Re1 Nbd7 9. e4 c5 10. d5 Re8 11. dxe6 fxe6 12. Bf4 e5 13. Bg5 h6 14. Bc1 Nb8 15. Bh3 Bf8 16. b3 a6 17. Nd5 Nc6 18. Bb2 Nd4 19. Nxd4 cxd4 20. Qd3 g6 21. a3 Bg7 22. Rac1 Rf8 23. Be6+ Kh8 24. f4 Bc8 25. Bxc8 Rxc8 26. Rf1 Nxd5 27. cxd5 exf4 28. gxf4 Rxc1 29. Bxc1 b5 30. Bd2 Qh4 31. Rf3 Qf6 32. Rg3 Re8 33. a4 Qf7 34. axb5 axb5 35. Rg2 Qf6 36. h3 Re7 37. Re2 Qh4 38. Rf2 1/2-1/2

[Event "IECG CA.2002.0.00045 email"]
[Site "IECG email"]
[Date "2002.04.16"]
[Round "?"]
[White "Helbig, Andreas"]
[Black "Perez, Maria Jose"]
[Result "1/2-1/2"]
[WhiteElo "2036"]
[BlackElo "1924"]
[PlyCount "48"]
[EventDate "2002.04.16"]
[EventType "tourn (corr)"]
[EventRounds "6"]
[SourceTitle "Corr 2008"]
[Source "ChessBase"]
[SourceDate "2008.06.24"]
[SourceVersion "1"]
[SourceVersionDate "2008.06.24"]
[SourceQuality "1"]

1. d4 Nf6 2. c4 e6 3. Nf3 d5 4. Bg5 Be7 5. e3 h6 6. Bxf6 Bxf6 7. Nc3 0-0 8. Qc2 Na6 9. a3 dxc4 10. Bxc4 c5 11. Rd1 cxd4 12. Nxd4 Bd7 13. Ba2 Qe7 14. h4 Bxd4 15. Rxd4 Rfd8 16. Bb1 f5 17. 0-0 e5 18. Rxd7 Qxd7 19. Rd1 Qe7 20. Rxd8+ Rxd8 21. Qxf5 Nc7 22. Qh7+ Kf8 23. Ba2 Ke8 24. Qg6+ Kf8 1/2-1/2

[Event "IECG TE.2002.P.01007 email"]
[Site "IECG email"]
[Date "2002.03.28"]
[Round "?"]
[White "Martinez, Juan Manuel"]
[Black "Perez, Maria Jose"]
[Result "1-0"]
[WhiteElo "1745"]
[BlackElo "1924"]
[PlyCount "91"]
[EventDate "2002.03.28"]
[EventType "tourn (corr)"]
[EventRounds "12"]
[SourceTitle "Corr 2008"]
[Source "ChessBase"]
[SourceDate "2008.06.24"]
[SourceVersion "1"]
[SourceVersionDate "2008.06.24"]
[SourceQuality "1"]

1. e4 e5 2. Nf3 Nc6 3. Bb5 Bc5 4. c3 Nf6 5. d4 exd4 6. e5 Ne4 7. 0-0 d5 8. exd6 0-0 9. dxc7 Qf6 10. Bxc6 bxc6 11. cxd4 Bd6 12. Nc3 Nxc3 13. bxc3 Bg4 14. h3 Bxf3 15. Qxf3 Qxf3 16. gxf3 Rfe8 17. Rb1 Rac8 18. Bd2 Rxc7 19. Rfe1 Rxe1+ 20. Rxe1 Kf8 21. Rb1 c5 22. Be3 cxd4 23. Bxd4 f6 24. Rb5 Be5 25. Rc5 Rxc5 26. Bxc5+ Kf7 27. Bxa7 Bxc3 28. Kf1 Ke6 29. Ke2 Kd5 30. Kd3 Ba5 31. Bd4 Bd8 32. f4 g6 33. f5 gxf5 34. a4 h6 35. Bc3 Kc5 36. a5 Be7 37. Ke3 Bd6 38. Bxf6 Kb5 39. Bh4 f4+ 40. Ke4 Kxa5 41. Bf6 Kb5 42. Be5 Bf8 43. Bxf4 Kc4 44. Bc1 h5 45. f4 Be7 46. Bb2 1-0

[Event "IECG TE.2002.P.01007 email"]
[Site "IECG email"]
[Date "2002.03.28"]
[Round "?"]
[White "Plyler, Clyde III"]
[Black "Perez, Maria Jose"]
[Result "0-1"]
[WhiteElo "1569"]
[BlackElo "1924"]
[PlyCount "62"]
[EventDate "2002.03.28"]
[EventType "tourn (corr)"]
[EventRounds "12"]
[SourceTitle "Corr 2008"]
[Source "ChessBase"]
[SourceDate "2008.06.24"]
[SourceVersion "1"]
[SourceVersionDate "2008.06.24"]
[SourceQuality "1"]

1. e4 e5 2. Nf3 Nc6 3. Bb5 Bc5 4. 0-0 Nf6 5. Nxe5 Nxe5 6. d4 a6 7. dxe5 axb5 8. exf6 Qxf6 9. Nc3 c6 10. e5 Qf5 11. Qe2 0-0 12. Bd2 Qxc2 13. Ne4 Bd4 14. Rfc1 Qxb2 15. Qg4 d5 16. Nf6+ Kh8 17. Qh4 Bf5 18. Rd1 Bxe5 19. Ng4 Qd4 20. h3 Qa4 21. Be3 Bxa1 22. Rxa1 Bxg4 23. hxg4 d4 24. Bf4 d3 25. Qg3 Rfd8 26. Qf3 Qd4 27. Rd1 Rxa2 28. Bg5 f6 29. Be3 Qa4 30. Bd2 c5 31. Qe3 Qxd1+ 0-1

[Event "IECG CB.2002.0.00033 email"]
[Site "IECG email"]
[Date "2002.03.15"]
[Round "?"]
[White "Perez, Maria Jose"]
[Black "Baci, Vedran"]
[Result "1-0"]
[WhiteElo "1924"]
[BlackElo "1942"]
[PlyCount "27"]
[EventDate "2002.03.15"]
[EventType "tourn (corr)"]
[EventRounds "6"]
[SourceTitle "Corr 2008"]
[Source "ChessBase"]
[SourceDate "2008.06.24"]
[SourceVersion "1"]
[SourceVersionDate "2008.06.24"]
[SourceQuality "1"]

1. e4 d5 2. exd5 Qxd5 3. Nc3 Qa5 4. d4 c6 5. Bc4 Bf5 6. Nf3 Nf6 7. Bd2 e6 8. Qe2 Qb6 9. 0-0-0 Nbd7 10. Nh4 Bg6 11. Nxg6 hxg6 12. h3 0-0-0 13. Bg5 Be7 14. Bb3 1-0

[Event "IECG CB.2002.0.00031 email"]
[Site "IECG email"]
[Date "2002.02.28"]
[Round "?"]
[White "Simon, Holger"]
[Black "Perez, Maria Jose"]
[Result "1/2-1/2"]
[WhiteElo "1976"]
[BlackElo "1888"]
[PlyCount "72"]
[EventDate "2002.02.28"]
[EventType "tourn (corr)"]
[EventRounds "6"]
[SourceTitle "Corr 2008"]
[Source "ChessBase"]
[SourceDate "2008.06.24"]
[SourceVersion "1"]
[SourceVersionDate "2008.06.24"]
[SourceQuality "1"]

1. d4 Nf6 2. c4 e6 3. Nc3 Bb4 4. Qc2 d5 5. cxd5 exd5 6. Bg5 h6 7. Bh4 c5 8. dxc5 g5 9. Bg3 Nc6 10. e3 Qa5 11. Nf3 Ne4 12. Nd2 Bxc3 13. bxc3 Qxc3 14. Qxc3 Nxc3 15. f3 Bf5 16. Kf2 0-0 17. h4 Rfe8 18. hxg5 hxg5 19. Nb3 Re6 20. Nd4 Nxd4 21. exd4 Rae8 22. a4 a6 23. a5 f6 24. Bd6 Bc2 25. Rc1 Nd1+ 26. Kg1 Ne3 27. g4 Bg6 28. Rh2 Nxf1 29. Rxf1 Bd3 30. Ra1 Bb5 31. Kg2 Re1 32. Rxe1 Rxe1 33. Kg3 Rd1 34. c6 bxc6 35. Bc5 Kg7 36. Bb6 Rg1+ 1/2-1/2

[Event "IECG WC.2005.P.00008 email"]
[Site "IECG email"]
[Date "2002.01.29"]
[Round "?"]
[White "Perez, Maria Jose"]
[Black "Brand, Martien"]
[Result "1/2-1/2"]
[WhiteElo "1888"]
[BlackElo "2061"]
[PlyCount "48"]
[EventDate "2002.01.29"]
[EventType "tourn (corr)"]
[EventRounds "12"]
[SourceTitle "Corr 2008"]
[Source "ChessBase"]
[SourceDate "2008.06.24"]
[SourceVersion "1"]
[SourceVersionDate "2008.06.24"]
[SourceQuality "1"]

1. e4 e5 2. Nf3 Nc6 3. Bb5 a6 4. Ba4 Nf6 5. 0-0 Nxe4 6. d4 b5 7. Bb3 d5 8. dxe5 Be6 9. c3 Bc5 10. Nbd2 0-0 11. Bc2 Nxf2 12. Rxf2 f6 13. exf6 Bxf2+ 14. Kxf2 Qxf6 15. Nf1 Ne5 16. Be3 Rae8 17. Bd4 Bg4 18. N1d2 Qh4+ 19. Kg1 Nxf3+ 20. Nxf3 Qh5 21. Qf1 Rxf3 22. gxf3 Bxf3 23. Bf2 Re2 24. Bd1 Qg6+ 1/2-1/2

[Event "IECC CL3-2002.03"]
[Site "IECC email"]
[Date "2002.01.25"]
[Round "?"]
[White "Malm, Art"]
[Black "Perez, Maria Jose"]
[Result "1-0"]
[WhiteElo "1734"]
[BlackElo "1990"]
[PlyCount "49"]
[EventDate "2002.??.??"]
[EventType "tourn (corr)"]
[EventRounds "4"]
[SourceTitle "Corr 2008"]
[Source "ChessBase"]
[SourceDate "2008.06.24"]
[SourceVersion "1"]
[SourceVersionDate "2008.06.24"]
[SourceQuality "1"]

1. e4 e5 2. Nf3 Nc6 3. Bc4 Nf6 4. d4 exd4 5. 0-0 Bc5 6. e5 d5 7. exf6 dxc4 8. Re1+ Be6 9. Ng5 Qd5 10. Nc3 Qf5 11. g4 Qg6 12. Nce4 Bb6 13. f4 0-0 14. f5 Bxf5 15. gxf5 Qxf5 16. fxg7 Kxg7 17. Rf1 d3+ 18. Kh1 dxc2 19. Qe2 Nd4 20. Qg2 Qg6 21. Rf6 Rad8 22. Qh3 Rh8 23. Ne6+ Nxe6 24. Bh6+ Qxh6 25. Qxh6+ 1-0

[Event "IECC Swiss email"]
[Site "IECC email"]
[Date "2002.01.25"]
[Round "?"]
[White "Perez, Maria Jose"]
[Black "Hess, John"]
[Result "1/2-1/2"]
[WhiteElo "1943"]
[BlackElo "1937"]
[PlyCount "103"]
[EventDate "2002.??.??"]
[EventType "tourn (corr)"]
[EventRounds "6"]
[SourceTitle "Corr 2008"]
[Source "ChessBase"]
[SourceDate "2008.06.24"]
[SourceVersion "1"]
[SourceVersionDate "2008.06.24"]
[SourceQuality "1"]

1. e4 c5 2. Nf3 a6 3. Nc3 b5 4. d4 cxd4 5. Nxd4 Bb7 6. Bd3 g6 7. Be3 Bg7 8. Qd2 Nf6 9. f3 0-0 10. 0-0 Nc6 11. Nxc6 Bxc6 12. Rad1 Qc7 13. Rfe1 d6 14. a3 Rac8 15. Bh6 Bxh6 16. Qxh6 a5 17. b4 Bd7 18. Nd5 Nxd5 19. exd5 e5 20. dxe6 Bxe6 21. Re4 axb4 22. Rh4 f5 23. Rxb4 Qa7+ 24. Kh1 Bc4 25. Bxc4+ Rxc4 26. Rxc4 bxc4 27. Qf4 Qxa3 28. Qxc4+ Rf7 29. Qc8+ Kg7 30. Qd8 Ra7 31. h3 Qc3 32. Qxd6 Qxc2 33. Qe5+ Kf7 34. Rd6 Qc1+ 35. Kh2 Qg5 36. Qd5+ Kg7 37. Qd4+ Kh6 38. Rxg6+ Kxg6 39. Qxa7 Qf4+ 40. Kh1 h5 41. Qe7 h4 42. Kg1 Qc4 43. Qe5 Qd3 44. Kh2 Qd2 45. f4 Qd7 46. Qe1 Kh5 47. Qe2+ Kg6 48. g4 hxg3+ 49. Kxg3 Qg7 50. h4 Kh6+ 51. Kh2 Qf6 52. Qf2 1/2-1/2